How I Met Your Mother Quiz - Statistiken

Allgemein
  • Dieses Quiz wurde 1.139 mal gespielt
    1.081 seit der letzten Aktualisierung
  • Das Durchschnittsergebnis liegt bei 10 aus 13
Antwortstatistiken
Frage Antwort % Korrekt
Wieviele Staffeln hat How I Met Your Mother? 9 Staffeln
94%
Mit wem hat Robin geheiratet? Barney Stinson
94%
Was hat Ted für Robin gestohlen? Ein blaues Horn
94%
Mit wem kommt Tedd in den letzten Minute der letzten Folge zusammen? Robin Scherbatsky
93%
Nachname von Robin Scherbatsky
89%
Für welches Unternehmen hat Ted einen Wolkenkratzer entworfen? GNB
84%
Welches Gebäude hat Tedd Mosbey entworfen? GNB Zentrale
84%
Zu wieviel Prozent ist Barney Kanadier? 25%
75%
Nach wem wurde Marshalls und Lillys Kind benannt Nach Marshalls Vater
75%
Was wollte Ted mal werden? Architekt
66%
Was arbeitet Barney Please
61%
Name von Tedds toter Ehefrau Tracy McConell
54%
Wieso hat Barney bei der GNB gearbeitet Um sich zu rächen
40%
Keine übereinstimmenden Quizze gefunden
Verteilung der Resultate
Anzahl Personen mit jedem Resultat
Perzentil nach korrekt beantworteten Fragen
Ihre Resultats-Entwicklung
Sie haben dieses Quiz seit der letzten Aktualisierung nicht gespielt